000 00360nam a2200157Ia 4500
008 230711s9999||||xx |||||||||||||| ||und||
020 _a978-93-80005-66-9
041 _aENG
082 _a800
_bKI-G
100 _aKipling,Rudyard
245 0 _aGreatest works
260 _c2010
_aNew Delhi
_bMaple Press
300 _a628
650 _aLiterature
942 _cBK
999 _c5332
_d5332